Comédies françaises de A à Z - Statistiques

Statistiques générales
  • Ce quiz a été pris 1 329 fois
  • Le résultat moyen est 15 sur 25
Statistiques - réponses
Par images Réponse % Correct
B- Les {Bronzés} {font} {du} {ski}
98%
A- {Astérix} {et} {Obélix} : {Mission} {Cléopâtre}
95%
D- Le {Dîner} {de} {cons}
93%
I- {Intouchables}
93%
V- Les {Visiteurs}
88%
O- {OSS} {117} : {Le} {Caire}, {nid} {d}'{espion}
86%
Q- {Qu}'{est}-{ce} {qu}'{on} {a} {fait} {au} {Bon} {Dieu} {?}
85%
G- La {Grande} {Vadrouille}
82%
U- {Un} {p}'{tit} {truc} {en} {plus}
80%
P- Le {Père} {Noël} {est} {une} {ordure}
75%
S- Les {Sous}-{doués}
73%
T- Les {Trois} {Frères}
69%
N- {Neuilly} {sa} {mère} !
68%
C- La {Cité} {de} {la} {peur}
67%
L- {LOL} ({Laughing} {Out} {Loud})
63%
F- La {Folie} {des} {grandeurs}
59%
Z- La {Zizanie}
52%
H- {Hibernatus}
49%
R- {Rien} {à} {déclarer}
48%
J- Le {Jouet}
44%
K- Les {Kaïra}
40%
M- {Mais} {qui} {a} {tué} {Pamela} {Rose} {?}
23%
W- {Wrong}
4%
E- {Enfermés} {dehors}
3%
Y- {Yves}
3%
Aucun quiz correspondant
Distribution des résultats
% des personnes avec chaque résultat
Percentile par nombre de réponses
Votre historique - résultats
Vous n’avez pas pris ce quiz